00869nam a2200241 a 450000500170000000800410001702000150005804000270007304100080010004400070010808200160011510000320013124501310016326000860029430000490038065000330042965000180046266200300048070000270051070000280053770000340056570000280059920160213020002.0160127s2006 ck o gr|||| 00| 0 spa d a9588094990 aCO-BoIAVH cCO-BoIAVH 0 aspa ack04a577.3bC82s1 aÁlvarez López, Humberto10aSelva pluvial tropical :bDepartamento del Valle del Cauca, Colombia /cCorporación Autónoma Regional del Valle del Cauca  aSantiago de Cali :bCorporación Autónoma Regional del Valle del Cauca,c2006. a72 páginas :bfotografías ;c16 x 16 cm. 6aEcología de selva lluviosa 6aFlora y Fauna aColombiabValle del Cauca1 aGómez Hoyos, Natalia1 aReyes Gutierrez, Milton1 aSilverstone Sopkin, Philip A.1 aVanín Romero, Alfredo